[Event "Let's Play Chess!"]
[Site "http://www.queenalice.com/game.php?id=1570938"]
[Date "2019.5.15"]
[Round "-"]
[White "charles31"]
[Black "kinghenry"]
[Result "1-0"]
[WhiteElo "1725"]
[BlackElo "1727"]

1. e4 e6 2. Nf3 a6 3. d4 d6 4. Nc3 b5 5. h3 Bb7 6. Bd3 h6 7. e5 b4 8. Na4 Qd7 9.
b3 d5 10. Bd2 Bc6 11. Nb2 a5 12. g4 g5 13. h4 gxh4 14. Rxh4 Bb5 15. Be3 Bg7 16.
g5 1-0

[Event "Let's Play Chess!"]
[Site "http://www.queenalice.com/game.php?id=1586195"]
[Date "2019.10.9"]
[Round "-"]
[White "sph44"]
[Black "kinghenry"]
[Result "1-0"]
[WhiteElo "1879"]
[BlackElo "1743"]

1. e4 b6 2. d4 Bb7 3. d5 Nf6 4. Bd3 h6 5. Nc3 a6 6. Qf3 e5 7. a3 Bd6 8. Nge2 Qe7
9. O-O g5 10. Ng3 g4 11. Qe2 Qf8 12. f3 Qg7 13. Nf5 Qg6 14. Nxd6+ cxd6 15. Na4
Rg8 16. Nxb6 Ra7 17. Nc4 Ke7 18. Be3 Ra8 19. Nb6 h5 20. Nxa8 Bxa8 21. b4 gxf3
22. Qxf3 Ng4 23. g3 h4 24. Ba7 Bb7 25. Bxb8 Rxb8 26. h3 Nf6 27. g4 Qg5 28. Rf2
Rg8 29. Be2 Rc8 30. c4 Ba8 31. Raf1 Ne8 32. Qxf7+ Kd8 33. c5 Qe3 34. Bxa6 Rb8
35. Qf3 Qd4 36. g5 Bb7 37. Rd1 Bxa6 38. Rxd4 exd4 39. Qh5 dxc5 40. Rf8 d3 41.
Rxe8+ Kc7 42. Rxb8 Kxb8 43. g6 c4 44. Qh8+ Bc8 45. Qc3 Ba6 46. g7 Kb7 47. g8=Q
d2 48. Qxd2 Kc7 49. Qc3 Kd6 50. Qg6+ 1-0

[Event "Let's Play Chess!"]
[Site "http://www.queenalice.com/game.php?id=1586196"]
[Date "2019.10.9"]
[Round "-"]
[White "kinghenry"]
[Black "sph44"]
[Result "0-1"]
[WhiteElo "1754"]
[BlackElo "1870"]

1. e4 e5 2. Bc4 Nf6 3. d3 c6 4. Qf3 b5 5. Bb3 Bc5 6. Bg5 Be7 7. Bxf6 Bxf6 8. Qh5
O-O 9. Nc3 g6 10. Qf3 a5 11. a4 b4 12. Nce2 Bb7 13. O-O-O d5 14. Nh3 d4 15. g4
Nd7 16. Kb1 Nc5 17. Ba2 Nxa4 18. Rhg1 c5 19. Qg3 g5 20. b3 Nc3+ 21. Nxc3 bxc3
22. Qf3 h6 23. Rg3 a4 24. b4 cxb4 25. Bc4 Kg7 26. Rh1 Be7 27. Qf5 f6 28. Ng1 Bc8
29. Qf3 a3 30. Ba2 Qb6 31. h4 Be6 32. Rgh3 Bxa2+ 33. Kxa2 Rab8 34. Qf5 b3+ 35.
Kb1 bxc2+ 36. Kxc2 Qb3+ 37. Kc1 Qb1# 0-1

[Event "Let's Play Chess!"]
[Site "http://www.queenalice.com/game.php?id=1586239"]
[Date "2019.10.9"]
[Round "-"]
[White "Erithacus"]
[Black "kinghenry"]
[Result "0-1"]
[WhiteElo "1832"]
[BlackElo "1732"]

1. c4 e6 2. Nc3 a6 3. Nf3 d6 4. e4 Nc6 5. d4 Be7 6. g3 h6 7. Bg2 e5 8. d5 Nb8 9.
O-O g5 10. a4 g4 11. Nh4 Bxh4 12. gxh4 Qxh4 13. Ne2 h5 14. Ng3 Qf6 15. Ra3 b6
16. Qc2 h4 17. Nf5 Bxf5 18. exf5 Nd7 19. b4 Ne7 20. Be4 g3 21. fxg3 hxg3 22.
Rxg3 O-O-O 23. Bg5 Rdg8 24. Bxf6 Nxf6 25. Bf3 Rxg3+ 26. hxg3 Rh3 27. Kg2 Rh8 28.
b5 a5 29. Rh1 Rg8 30. Rh4 Kb7 31. Qc1 Nxf5 32. Rh3 e4 33. Bd1 e3 34. Qc2 Rg5 35.
Qc3 Ne4 36. Qh8 Nexg3 0-1

[Event "Let's Play Chess!"]
[Site "http://www.queenalice.com/game.php?id=1586240"]
[Date "2019.10.9"]
[Round "-"]
[White "kinghenry"]
[Black "Erithacus"]
[Result "1-0"]
[WhiteElo "1733"]
[BlackElo "1853"]

1. e4 Nc6 2. Bc4 e6 3. d3 Nf6 4. h3 d5 5. exd5 Nxd5 6. Nf3 a6 7. a3 g6 8. O-O
Bg7 9. Re1 O-O 10. Bxd5 exd5 11. Bg5 Qd7 12. c3 Qf5 13. Qd2 Be6 14. Nh4 1-0

[Event "Challenge"]
[Site "http://www.queenalice.com/game.php?id=1586243"]
[Date "2019.10.9"]
[Round "-"]
[White "MADMIKE"]
[Black "kinghenry"]
[Result "1-0"]
[WhiteElo "1829"]
[BlackElo "1746"]

1. d4 d5 2. Nc3 Bf5 3. e3 Nf6 4. h3 a6 5. Nf3 h6 6. Bd3 Be4 7. Bxe4 dxe4 8. Ne5
Qd6 9. O-O Nc6 10. f4 O-O-O 11. Nxf7 Qe6 12. Nxh8 Nb8 13. f5 Qc6 14. Ng6 Qd6 15.
Ne5 Rd7 16. Nf7 Qg3 17. Ne5 Rd6 18. Bd2 Rb6 19. Be1 Qg5 20. Bd2 Qh5 21. Qxh5
Nxh5 22. Ng6 Rf6 23. Nd5 Nd7 24. Nxf6 Nhxf6 25. c4 Nh7 26. d5 Nc5 27. Bb4 b6 28.
Bxc5 bxc5 29. Rf4 Kd7 30. Rxe4 Ke8 31. Re6 Kf7 32. Rxa6 Nf6 33. Rc6 Ne4 34. Nxf8
Kxf8 35. Rxc7 Kf7 36. a4 1-0

[Event "Challenge"]
[Site "http://www.queenalice.com/game.php?id=1586244"]
[Date "2019.10.9"]
[Round "-"]
[White "kinghenry"]
[Black "MADMIKE"]
[Result "1-0"]
[WhiteElo "1727"]
[BlackElo "1794"]

1. e4 e5 2. Bc4 Nf6 3. d3 h6 4. h3 Be7 5. Nf3 Nc6 6. a3 O-O 7. Bd2 a6 8. Qc1 Bc5
9. g4 d6 10. g5 hxg5 11. Bxg5 Nd4 12. Nxd4 exd4 13. Rg1 Bxh3 14. Bh6 Nh5 15. Bg5
Qe8 16. Bh6 Qe5 17. f4 Qe7 18. Bg5 Qd7 19. Qd1 g6 20. Bh6 Rfe8 21. Qxh5 Be6 22.
Nd2 Bxc4 23. Nxc4 d5 24. Ne5 Qe6 25. Nxg6 fxg6 26. Rxg6+ Qxg6 27. Qxg6+ 1-0

[Event "Challenge"]
[Site "http://www.queenalice.com/game.php?id=1597818"]
[Date "2020.1.30"]
[Round "-"]
[White "kinghenry"]
[Black "sph44"]
[Result "1-0"]
[WhiteElo "1752"]
[BlackElo "1880"]

1. d4 d5 2. e3 Nf6 3. Nc3 e6 4. a3 Bd6 5. Nf3 O-O 6. h3 a6 7. Bd3 g6 8. Qe2 b5
9. Bd2 c6 10. O-O-O h5 11. Ng5 Nh7 12. Nxh7 Kxh7 13. Qxh5+ Kg7 14. Qf3 f5 15.
Na2 Nd7 16. h4 Nf6 17. Qh3 Rh8 18. f4 Ng4 19. Rdf1 Be7 20. Be1 g5 21. Qf3 gxh4
22. g3 h3 23. e4 dxe4 24. Bxe4 Bxa3 25. bxa3 Qxd4 26. Bc3 e5 27. Bxd4 exd4 28.
Bxc6 Ra7 29. Re1 Ne3 30. Rxe3 dxe3 31. Qxe3 Rc7 32. Qe5+ 1-0

[Event "Yo Yo Dyne II"]
[Site "http://www.queenalice.com/game.php?id=1603770"]
[Date "2020.3.22"]
[Round "-"]
[White "sph44"]
[Black "kinghenry"]
[Result "1/2-1/2"]
[WhiteElo "1831"]
[BlackElo "1773"]

1. e4 e6 2. d4 h6 3. Bc4 a6 4. Nf3 b5 5. Bb3 a5 6. a4 b4 7. O-O Bb7 8. e5 Be7 9.
c3 Ba6 10. Re1 d5 11. exd6 Bxd6 12. c4 Bb7 13. d5 Qf6 14. dxe6 Bxf3 15. Qxf3
Qxf3 16. gxf3 f6 17. f4 Ne7 18. Be3 c5 19. Rd1 Ra6 20. Rd3 f5 21. Nd2 g5 22.
fxg5 hxg5 23. Bxg5 Bxh2+ 24. Kg2 Rxe6 25. Rh1 Be5 26. Bc2 Bxb2 27. Rxh8+ Bxh8
28. Rf3 Rg6 29. Rg3 Nbc6 30. Bxe7 Rxg3+ 31. fxg3 Nxe7 32. Nb3 Nc6 33. Nxc5 Nd4
34. Bb3 Be5 35. Kh3 Ke7 36. Ba2 Bd6 37. Nb7 b3 38. Bb1 Bb4 39. g4 fxg4+ 40. Kxg4
Nc2 41. Kf4 Na3 42. Bd3 Kd7 43. c5 Kc7 44. Be4 b2 45. c6 b1=Q 46. Bxb1 Nxb1 47.
Nxa5 Bxa5 48. Ke4 Kxc6 49. Kd4 Kb6 50. Kc4 Nc3 51. Kb3 Kc5 52. Ka3 Kc4 53. Kb2
Kb4 54. Kc2 Kxa4 55. Kd3 Kb4 56. Kd4 Kb5 57. Kd3 Kc5 58. Ke3 Kd5 59. Kd3 Bb4 60.
Ke3 Ke5 61. Kd3 Kd5 62. Ke3 Ne4 63. Kd3 Nc5+ 64. Ke3 Ke5 65. Kf3 Kf5 66. Ke3 Bc3
67. Kf3 Ne4 68. Ke3 Nc5 69. Kf3 Bd4 70. Kg3 Be3 71. Kf3 Bf4 72. Ke2 Ke4 73. Kf2
Nd3+ 74. Ke2 Be3 75. Kd1 Nb4 76. Ke2 Kf4 77. Kd1 Kf3 78. Ke1 Bf4 79. Kd1 Be3 80.
Ke1 Bf4 81. Kd1 Be3 82. Ke1 Bf4 1/2-1/2

[Event "Challenge"]
[Site "http://www.queenalice.com/game.php?id=1621497"]
[Date "2020.7.25"]
[Round "-"]
[White "MADMIKE"]
[Black "kinghenry"]
[Result "1-0"]
[WhiteElo "1808"]
[BlackElo "1807"]

1. d4 d5 2. Nc3 e6 3. a3 c6 4. Nf3 h6 5. e4 Nf6 6. e5 Ne4 7. Be2 Be7 8. O-O Nxc3
9. bxc3 Qc7 10. c4 Qa5 11. c5 Qd8 12. c4 a6 13. cxd5 Qxd5 14. Bb2 Nd7 15. Qc2
Nf8 16. Bc4 Qd8 17. Nd2 Ng6 18. f4 Nh4 19. Ne4 Nf5 20. Qd2 h5 21. Kh1 b5 22. Be2
Ra7 23. a4 Qd5 24. Bf3 Qd8 25. axb5 cxb5 26. Ba3 Nxd4 27. Nd6+ Bxd6 28. cxd6 Nb3
29. Qe3 Nxa1 30. Qxa7 Nc2 31. Bc6+ Bd7 32. Bxd7+ Kf8 33. Bc5 Kg8 34. Bc6 Kh7 35.
Be4+ f5 36. Bxc2 h4 37. h3 Qa5 38. d7 Qd2 39. Bb3 Qd3 40. Rf3 Qb1+ 41. Kh2 Qe4
42. Be7 g5 43. d8=Q Rxd8 44. Bxd8+ Kh8 45. Bxe6 g4 46. Bf6# 1-0

[Event "Challenge"]
[Site "http://www.queenalice.com/game.php?id=1621498"]
[Date "2020.7.25"]
[Round "-"]
[White "kinghenry"]
[Black "MADMIKE"]
[Result "1-0"]
[WhiteElo "1789"]
[BlackElo "1842"]

1. e4 e5 2. Bc4 Nf6 3. Qf3 Be7 4. d3 h6 5. Qg3 g5 6. Qxe5 d6 7. Qd4 a6 8. Nc3
Nc6 9. Qe3 Be6 10. Bxe6 fxe6 11. h3 Qd7 12. a3 O-O-O 13. f3 d5 14. d4 dxe4 15.
fxe4 Nxd4 16. Qf2 e5 17. Be3 c5 18. O-O-O g4 19. Nge2 Rhg8 20. Bxh6 Qc6 21. Nxd4
cxd4 22. Nd5 Nxd5 23. exd5 Qxh6+ 24. Kb1 Rxd5 25. Qf7 Qg7 26. Qxd5 g3 27. Rhf1
Bf6 28. Qe6+ Kb8 29. Rxf6 e4 30. Rf7 Qh8 31. Qd7 1-0

[Event "28 Ago 2020 05:40"]
[Site "http://www.queenalice.com/game.php?id=1625252"]
[Date "2020.8.28"]
[Round "-"]
[White "zubarev"]
[Black "kinghenry"]
[Result "0-1"]
[WhiteElo "1733"]
[BlackElo "1791"]

1. d4 d5 2. Nc3 e6 3. Nf3 Nc6 4. e3 Nf6 5. Bd3 h6 6. O-O a6 7. Re1 Bb4 8. Ne5
Qd6 9. f4 Bxc3 10. bxc3 b5 11. a4 b4 12. c4 Bb7 13. Bd2 dxc4 14. Nxc4 Qe7 15. a5
h5 16. Ne5 Ng4 17. Be4 Qh4 18. Nxc6 Qxh2+ 19. Kf1 Qh4 20. Qf3 Nh2+ 21. Ke2 Nxf3
22. Bxf3 Qf6 23. Bxb4 Qf5 24. e4 Qb5+ 25. Kf2 Bxc6 26. c3 O-O-O 27. e5 h4 28.
Bxc6 Qxc6 29. Bc5 Rh5 30. Reb1 Qe4 31. Rf1 Qxf4+ 32. Kg1 Qe3+ 33. Kh1 h3 34. Rf3
hxg2+ 35. Kxg2 Rg5+ 36. Rg3 Qxg3+ 37. Kf1 Qg1+ 38. Ke2 Qxa1 39. Bb4 Rg2+ 40. Kd3
Qa2 0-1

[Event "Let's Play Chess!"]
[Site "http://www.queenalice.com/game.php?id=1637684"]
[Date "2020.12.25"]
[Round "-"]
[White "charles31"]
[Black "kinghenry"]
[Result "1-0"]
[WhiteElo "1686"]
[BlackElo "1805"]

1. d4 d5 2. Nc3 e6 3. a3 Nc6 4. Nf3 Be7 5. e4 h6 6. e5 a6 7. Be3 Bd7 8. Bd3 Bg5
9. Bxg5 hxg5 10. Qd2 g4 11. Ng1 Nxd4 12. Nge2 Nxe2 13. Qxe2 Qg5 14. Nd1 d4 15.
b3 Qf4 16. Nb2 Rxh2 17. Rxh2 Qxh2 18. Qxg4 Qxe5+ 19. Kd2 O-O-O 20. Nc4 Qf6 21.
f4 Nh6 22. Qf3 Bc6 23. Be4 Bxe4 24. Qxe4 d3 25. cxd3 Qxa1 26. Ke2 1-0

[Event "Let's Play Chess!"]
[Site "http://www.queenalice.com/game.php?id=1644270"]
[Date "2021.2.24"]
[Round "-"]
[White "igorjava"]
[Black "kinghenry"]
[Result "1-0"]
[WhiteElo "2014"]
[BlackElo "1784"]

1. e4 b6 2. d4 Bb7 3. d5 Nf6 4. Bd3 a6 5. c4 e6 6. Bg5 h6 7. Bh4 g5 8. Bg3 Bb4+
9. Nc3 Bxc3+ 10. bxc3 d6 11. Ne2 e5 12. Qd2 Bc8 13. h3 g4 14. Bh4 Nbd7 15. hxg4
Nc5 16. f3 Ncd7 17. Ng3 Qe7 18. Nf5 Qf8 19. Bf2 Bb7 20. Rxh6 Rxh6 21. Qxh6 O-O-O
22. g5 Qxh6 23. gxh6 Rh8 24. g4 Nc5 25. Bc2 Nh7 26. Be3 Nd7 27. Ke2 f6 28. a4 a5
29. Rh1 Kd8 30. Bd1 Ba6 31. Kd3 Ndf8 32. Be2 Bc8 33. f4 Ng6 34. Rf1 Bd7 35. Bd1
Ke8 36. Ng7+ Kf7 37. f5 Ne7 38. Ne6 Rc8 39. Rg1 Bxe6 40. dxe6+ Kg8 41. g5 Nxg5
42. Bxg5 fxg5 43. Rxg5+ Kh7 44. Rg7+ Kxh6 45. Rxe7 Kg5 46. Ke3 Rh8 47. Rxc7 Rh3+
48. Bf3 Rh8 49. Rc6 Kf6 50. Rxd6 Rc8 51. Be2 Rb8 52. Rd7 Rc8 53. Rf7+ Kg5 54.
Rb7 Rc6 55. e7 Rc8 56. Rxb6 Re8 57. Rg6+ Kh4 58. f6 1-0

[Event "Let's Play Chess!"]
[Site "http://www.queenalice.com/game.php?id=1764506"]
[Date "2021.7.17"]
[Round "-"]
[White "charles31"]
[Black "kinghenry"]
[Result "1-0"]
[WhiteElo "1629"]
[BlackElo "1777"]

1. d4 d5 2. Nc3 Bf5 3. Nf3 h6 4. a3 e6 5. e3 a6 6. Bd3 Qf6 7. Bxf5 Qxf5 8. Qe2
Nf6 9. h3 Nc6 10. Bd2 Qxc2 11. O-O Qh7 12. b4 O-O-O 13. b5 Nb8 14. bxa6 Nxa6 15.
Ne5 g5 16. Na4 Rd6 17. Rfb1 Qc2 18. Nc3 Rg8 19. Nxf7 Rc6 20. Qe1 Ne4 21. Ra2 Qd3
22. Ne5 Nxc3 23. Nxd3 Nxa2 24. Ra1 Rc2 25. Qd1 Rc6 26. Rxa2 Bd6 27. Bb4 Kd7 28.
Bxd6 Kxd6 29. Qh5 Ke7 30. Qxh6 e5 31. Qh7+ Kf8 32. Nxe5 Rg7 33. Qf5+ Kg8 34.
Nxc6 bxc6 35. Qe6+ Kh7 36. Qxc6 Nb8 37. Qxd5 c6 38. Qe4+ Rg6 39. Rb2 Na6 40. Rb6
Kh6 41. Rxa6 Kh5 42. Rxc6 Rxc6 43. Qxc6 g4 44. hxg4+ Kxg4 45. Qg6+ 1-0

[Event "Let's Play Chess!"]
[Site "http://www.queenalice.com/game.php?id=1772907"]
[Date "2021.10.23"]
[Round "-"]
[White "charles31"]
[Black "kinghenry"]
[Result "1-0"]
[WhiteElo "1624"]
[BlackElo "1755"]

1. e4 b6 2. d4 Bb7 3. d5 Nf6 4. Nc3 Ba6 5. f3 Bxf1 6. Kxf1 a6 7. Nh3 d6 8. b3
Qd7 9. a4 e6 10. Bg5 Be7 11. Nf2 1-0

[Event "Let's Play Chess!"]
[Site "http://www.queenalice.com/game.php?id=1789543"]
[Date "2022.5.27"]
[Round "-"]
[White "Charles56"]
[Black "kinghenry"]
[Result "1-0"]
[WhiteElo "1760"]
[BlackElo "1734"]

1. Nf3 d5 2. d4 Bf5 3. Bg5 f6 4. Bh4 g5 5. Bg3 h5 6. h3 h4 7. Bh2 Nc6 8. a3 e6
9. e3 Bd6 10. Bb5 Bxh2 11. Rxh2 Qd6 12. Nc3 Be4 13. Rh1 Ne7 14. Qe2 a6 15. Ba4
b5 16. Bb3 b4 17. axb4 Nxb4 18. Rc1 Bg6 19. g4 f5 20. gxf5 Bxf5 21. Nxg5 c6 22.
Ba4 Rb8 23. f4 Qc7 24. Bb3 Bg6 25. Nxe6 Qd6 26. Qg4 Bf5 27. Ng7+ Kd7 28. Nxf5
Qe6 29. Nxe7 Qxg4 30. hxg4 Kxe7 31. Kd2 Kf6 32. Ne2 a5 33. c3 Na6 34. Kc2 Rb6
35. Ng3 Kg6 36. Ba2 Rbb8 37. Nf5 Rb7 38. Nxh4+ Kf7 39. e4 Nc7 40. e5 Rhb8 41.
Rb1 Ne6 42. f5 Ng5 43. Ng2 Ne4 44. Rh7+ Kg8 45. Rxb7 Rxb7 46. Nf4 Rh7 47. Rg1
Rh4 48. e6 Nf2 49. c4 dxc4 50. Bxc4 Kf8 51. Ng6+ Ke8 52. Nxh4 1-0

[Event "Let's Play Chess!"]
[Site "http://www.queenalice.com/game.php?id=1791989"]
[Date "2022.7.14"]
[Round "-"]
[White "Charles56"]
[Black "kinghenry"]
[Result "1-0"]
[WhiteElo "1626"]
[BlackElo "1719"]

1. Nc3 e5 2. e4 Nf6 3. a3 a6 4. h3 Nc6 5. Nf3 h6 6. Bc4 Bd6 7. d4 exd4 8. Nxd4
Ne5 9. Bb3 b5 10. Be3 Nc4 11. Bxc4 bxc4 12. Nf5 O-O 13. Nxd6 cxd6 14. f3 Qc7 15.
Bf4 Ne8 16. Qd4 Qc5 17. O-O-O a5 18. Bxd6 Nxd6 19. Qxc5 Nb7 20. Qxc4 Rd8 21. g4
d6 22. Nd5 Be6 23. Qc7 Rd7 24. Qb6 Rc8 25. Rh2 a4 26. f4 f6 27. f5 Bf7 28. h4
Nc5 29. Rd4 Nb3+ 30. Kb1 Nxd4 31. Qxd4 Ra7 32. Qxa7 Bxd5 33. exd5 Rc5 34. Qb8+
Kh7 35. Qxd6 Rc4 36. Rg2 Rd4 37. g5 Rxh4 38. gxf6 Rh1+ 39. Ka2 1-0

[Event "Let's Play 606"]
[Site "http://www.queenalice.com/game.php?id=1801245"]
[Date "2022.12.9"]
[Round "-"]
[White "digger"]
[Black "kinghenry"]
[Result "0-1"]
[WhiteElo "1610"]
[BlackElo "1712"]

1. e4 Nc6 2. d4 d6 3. d5 Ne5 4. Bf4 Bg4 5. f3 Bh5 6. g4 Bg6 7. h4 h6 8. Nc3 a6
9. Bxe5 dxe5 10. Qd3 c6 11. dxc6 bxc6 12. O-O-O Qxd3 13. Rxd3 e6 14. h5 Bh7 15.
Rd2 Bb4 16. Nge2 Ne7 17. a3 Bc5 18. Na4 Be3 19. Nb6 Bxd2+ 20. Kxd2 Rd8+ 21. Kc1
O-O 22. Nc4 f6 23. Nc3 Rd4 24. Bd3 Rfd8 25. Rd1 Nc8 26. Na5 Na7 27. Ne2 Ra4 28.
Nb7 Rb8 29. Nc5 Ra5 30. Nxe6 Rc8 31. Bc4 Kh8 32. Kb1 Bg8 33. Ka1 Re8 34. Rd6 Rc5
35. Nxc5 Bxc4 36. Nc3 Bf1 37. Rd7 Nb5 38. a4 Nd4 39. Kb1 Nxf3 40. Nxa6 Bxa6 41.
Rc7 Nd4 42. b4 Re6 43. b5 cxb5 44. axb5 Nxb5 45. Nxb5 Bxb5 46. Rc8+ Kh7 47. c4
Bc6 48. Rd8 Bxe4+ 49. Kb2 Rc6 50. Kc3 Bf3 51. Kb4 e4 52. Kb5 e3 53. Rd3 Re6 54.
c5 e2 55. c6 Bxc6+ 56. Kc5 e1=Q 57. g5 Qc1+ 58. Kb6 Be4+ 59. Rd6 Rxd6+ 60. Kb5
fxg5 61. Kb4 Rb6+ 62. Ka5 Qc5+ 63. Ka4 Qb4# 0-1

[Event "Let's Play Chess!"]
[Site "http://www.queenalice.com/game.php?id=1801425"]
[Date "2022.12.9"]
[Round "-"]
[White "Charles56"]
[Black "kinghenry"]
[Result "0-1"]
[WhiteElo "1620"]
[BlackElo "1699"]

1. d4 Nf6 2. Nc3 e6 3. e4 c6 4. a3 d5 5. e5 Ne4 6. Nxe4 dxe4 7. Nh3 Be7 8. Be3
h6 9. Qd2 Qb6 10. c3 Qb3 11. Be2 Qd5 12. Nf4 Qa5 13. O-O Bd7 14. Qc2 Qb6 15. b4
c5 16. dxc5 Qc7 17. Qxe4 a6 18. Rfd1 Bc6 19. Qc2 O-O 20. Bc4 Qxe5 21. Nh3 Nd7
22. Re1 Qe4 23. Qxe4 Bxe4 24. Bxh6 Bf5 25. Nf4 gxh6 26. Re3 Bg5 27. Rg3 Kh8 28.
Ne2 Rg8 29. Rd1 Rad8 30. f4 Bf6 31. Rxg8+ Kxg8 32. h3 Nb8 33. Rc1 Bd3 34. Ng3
Bxc4 35. Ne4 Kg7 36. Nd6 Bd5 37. c4 Bc6 38. g3 Rg8 39. Rf1 Bd4+ 40. Kh2 Bb2 41.
a4 Bxa4 42. Nxb7 Bc3 43. b5 axb5 44. cxb5 Bxb5 45. Rc1 Bf6 46. Na5 Rc8 47. g4
Bd4 48. Nb3 Be3 49. Rc3 Bxf4+ 50. Kg2 Bc6+ 51. Kf2 e5 52. Na5 Na6 0-1

[Event "Let's Play Chess!"]
[Site "http://www.queenalice.com/game.php?id=1804690"]
[Date "2023.1.27"]
[Round "-"]
[White "kinghenry"]
[Black "Charles56"]
[Result "1-0"]
[WhiteElo "1724"]
[BlackElo "1708"]

1. d4 d5 2. Bf4 Nf6 3. c3 a6 4. Qa4+ Bd7 5. Qb3 Bc6 6. Nf3 h6 7. e3 Nbd7 8. Be5
Ne4 9. Bd3 f6 10. Bg3 Nxg3 11. Bg6# 1-0

[Event "Let's Play Chess!"]
[Site "http://www.queenalice.com/game.php?id=1812215"]
[Date "2023.5.22"]
[Round "-"]
[White "igor12345"]
[Black "kinghenry"]
[Result "1-0"]
[WhiteElo "1995"]
[BlackElo "1739"]

1. e4 e6 2. d4 a6 3. c4 d6 4. Nf3 h6 5. a3 Be7 6. Be2 Nf6 7. Nc3 c6 8. O-O d5 9.
e5 Ne4 10. Nxe4 dxe4 11. Nd2 Qxd4 12. Qc2 Qxe5 13. Nxe4 Bd7 14. Be3 c5 15. f4
Qc7 16. Rad1 b6 17. Ng3 Bf6 18. Ne4 Bc6 19. Nxf6+ gxf6 20. b4 cxb4 21. axb4 Rg8
22. Bf3 Nd7 23. c5 b5 24. Rd6 Bxf3 25. Rxf3 f5 26. Rf1 Ke7 27. Rfd1 Rad8 28. Bd4
Nb8 29. Be5 Qb7 30. Qd2 Nc6 31. Qf2 Nxe5 32. fxe5 Rg4 33. Rxd8 Rxb4 34. R8d7+
Qxd7 35. Rxd7+ Kxd7 36. Qd2+ Ke8 37. Qxb4 1-0